Лекционные опыты и демонстрационные материалы по физической и коллоидной химии

Dettagli Bibliografici
Autore principale: Галинкер В. С. Владимир Семенович
Altri autori: Хоцяновский О. И. Олег Иосифович
Lingua:russo
Pubblicazione: Киев, Изд-во Киевского ун-та, 1965
Soggetti:
Natura: Libro
KOHA link:https://koha.lib.tpu.ru/cgi-bin/koha/opac-detail.pl?biblionumber=376330

MARC

LEADER 00000nam0a2200000 4500
001 376330
005 20231102012817.0
035 |a (RuTPU)RU\TPU\retro\33770 
035 |a RU\TPU\book\227883 
090 |a 376330 
100 |a 20221222d1965 km y0rusy50 ca 
101 0 |a rus 
102 |a RU 
105 |a a z 001zy 
200 1 |a Лекционные опыты и демонстрационные материалы по физической и коллоидной химии  |f В. С. Галинкер, О. И. Хоцяновский 
210 |a Киев  |c Изд-во Киевского ун-та  |d 1965 
215 |a 116 с.  |c ил. 
320 |a Библиогр.: с. 112. 
606 1 |a Физическая химия  |2 stltpush  |3 (RuTPU)RU\TPU\subj\67669  |9 83390 
606 1 |a Коллоидная химия  |2 stltpush  |3 (RuTPU)RU\TPU\subj\68635  |9 83831 
610 1 |a коллоидная химия 
610 1 |a опыты 
675 |a 544  |v 3 
675 |a 544.7  |v 3 
700 1 |a Галинкер  |b В. С.  |g Владимир Семенович 
701 1 |a Хоцяновский  |b О. И.  |g Олег Иосифович 
801 1 |a RU  |b 63413507  |c 20120204 
801 2 |a RU  |b 63413507  |c 20221222  |g RCR 
942 |c BK